01976nam a2200277 a 450000100090000000800410000901000150005002000180006502000250008305000190010810000190012724501540014625000120030026000500031230000170036250000980037950508070047765000310128465000480131565000550136370000160141870000180143499500940145299900170154695201350156316533623210414s2012 ||||||||||||||||| || u a2010046454 a9781412956406 a9781412956406 (pbk.) aHV 6626.2 Buz  aBuzawa, Carl G10aResponding to domestic violence : the integration of criminal justice and human services (4th edition)cBy Eve S. Buzawa, Carl G. Buzawa, Evan Stark. a4th ed. aThousand Oaks, CalifbSAGE Publicationsc2012 a478 p. : ill aRev. ed. of: Domestic violence. 3rd ed. c2003. Includes bibliographical references and index. aIntroduction : the role and context of agency responses to domestic violence -- The scope of the problem : defining and measuring domestic violence -- Matters of history, faith, and society -- Theoretical explanations for domestic violence -- Selective screening : barriers to intervention -- The impetus for change -- The evolution of arrest preferences : criminalizing the societal response -- Variations in arrest practices -- The role of state and federal legislation -- Case prosecution : the journey from a roadblock to a change agent -- Civil courts and the role of restraining orders -- Models for judicial intervention -- Community-based and court-sponsored diversions -- Domestic violence, health, and the health system response -- Domestic violence, children, and the institutional response. 0aWIFE ABUSE--UNITED STATES  0aFAMILY VIOLENCE--UNITED STATES-- PREVENTION 0aCRIMINAL JUSTICE, ADMINISTRATION OF--UNITED STATES aStark, Evan aBuzawa, Eve S FCBU-MAIN LIBRARY (Kitwe)M1UAVAILABLEWApr 14, 2021ZMain Library Open Access Collection c56387d56387 00102lcc4070a001b001cMain Library Open Access Collectiond2022-11-30l0oHV 6626.2 Buz p750967r2022-11-30w2022-11-30y002